| 000 | 00690cam a22002291 4500 | ||
|---|---|---|---|
| 999 |
_c43998 _d43998 |
||
| 001 | 2639764 | ||
| 003 | ARRUPE | ||
| 005 | 20170728111104.0 | ||
| 008 | 730109s1962 nju b 000 0 eng | ||
| 010 | _a 62013727 | ||
| 040 |
_aDLC _cDLC _dDLC |
||
| 050 | 0 | 0 |
_aB819 _b.M59 |
| 082 | 0 | 0 | _a111.1 |
| 100 | 1 |
_aMolina, Fernando R. _933853 |
|
| 245 | 1 | 0 |
_aExistentialism as philosophy _c[by] Fernando Molina. |
| 260 |
_aEnglewood Cliffs, N.J., _bPrentice-Hall _c[1962] |
||
| 300 |
_a118 p. _c21 cm. |
||
| 490 | 0 |
_aA Spectrum book, _vS-39 |
|
| 504 | _aBibliography: p. 113-114. | ||
| 650 | 0 |
_aExistentialism. _91759 |
|
| 906 |
_a7 _bcbc _corignew _du _eocip _f19 _gy-gencatlg |
||
| 942 |
_2lcc _cMONOGRAPH |
||